000
00245nam a22000857a 4500
008
160704b xxu||||| |||| 00| 0 eng d
100
_9
2009
_a
Gurera, S
245
_a
Kargil Toons: A Selection of Cartoons
260
_a
New Delhi
_b
Arya Publications
_c
1997
999
_c
1709
_d
1709